000 00442 a2200157 4500
999 _c11336
_d11336
003 OSt
005 20230320192407.0
008 230320b ||||| |||| 00| 0 eng d
020 _a9781440035906
082 _a720.284
_bWOO
100 _aWooster Bard Field and Thomas E. French
245 _aArchitectural drawing with an introduction and article on lettering
260 _bForgotten Books
_aLondon
_c2018
300 _a157p;.
942 _2ddc